Normal view
MARC view
- Morales García, Elia del Carmen
Entry Nombre Personal
001 - NUMERO DE CONTROL
- campo de control: 52368
003 - IDENTIFICADOR DE NUMERO DE CONTROL
- campo de control: DLC
005 - FECHA Y HORA DE LA ÜLTIMA TRANSACCIÓN
- campo de control: 20240612180907.0
008 - DATOS DE LONGITUD FIJA
- campo de control de longitud fija: 150625n| azannaabn |a aaa c
010 ## - NÚMERO DE CONTROL DE LA BIBLIOTECA DEL CONGRESO
- Número de control LC: no2015084767
035 ## - NUMERO DE CONTROL
- Número de control: (OCoLC)oca10203118
040 ## - FUENTE DE CATALOGACIÓN
- Agencia original de catalogación: UOr
- Lenguaje de catalogación: spa
- Description conventions: rda
- Agencia de transcripción: UOr
- Agencia que lo modifica: MX-MxUPN
100 1# - ENCABEZAMIENTO - NOMBRE PERSONAL
- Nombre personal: Morales García, Elia del Carmen
377 ## - LENGUA ASOCIADA
- Language code: spa
400 1# - VEÁSE - NOMBRE DE PERSONA
- Personal name: García, Elia del Carmen Morales
670 ## - FUENTE EN LA QUE SE LOCALIZARON DATOS
- Cita de la fuente: Español. Cuarto grado. Lecturas, 2005:
- Información localizada: reverso de la portada (Elia del Carmen Morales García, co-author with Laura V. González Guerrero and others; this title is part of the free textbook distribution through the Secretaría de Educación Pública (Mexico) and the Comisión Nacional de los Libros de Texto Gratuitos (Mexico).)
670 ## - FUENTE EN LA QUE SE LOCALIZARON DATOS
- Cita de la fuente: issuu.com/andreamartinezcasas/docs, Paco (Special Edition), via WWW, 9 June 2015:
- Información localizada: (Elia del Carmen Morales García, co-author with Laura V. González Guerrero and others, the children's story, Paco.)
670 ## - FUENTE EN LA QUE SE LOCALIZARON DATOS
- Cita de la fuente: Libros para el maestro, 2000 :
- Información localizada: (Elia del Carmen Morales García)
902 ## - CATALOGADOR
- Catalogador: VíctorGodínez/120624
